• 首页
  • 本馆介绍
  • 公告通知
  • 最新文献
  • 馆藏检索
  • 电子资源
  • 读者导购
  • 参考咨询
  • 我的图书馆
  • 登录
  • 详细信息显示
  • 放入我的书架
  • 预约/预借图书
  • 作者相关作品
  • 分类相关作品
  • 丛书相关作品
  • 出版社相关作品

书目信息

  • 表格格式
  • 工作单格式
  • 卡片格式
书名: First Year College Mathematics
作者: FRANK AYRES.
分册号:
分册名:
出版地: NEW YORK,St.Louis,San Francisco,Toronto,Sydney :
 
出版社: McGRAW-HILL BOOK COMPANY
出版时间: 1958.
页数: 440 p. ;
开本: 30cm.
丛书名:
中图分类号:
科图分类号:
其他分类号: O13:H31
主题词:
电子资源:
000 00507nam 2200169 a 4500
001 E0734888140
005 20070430102348.84
008 070430s1958 00010 eng
020    @a978-7-07-002650-5.
040    @aPFT@beng
090    @aO13:H31
099    @dO13:H31@ex43
242    @a大学一年级数学课本
245    @aFirst Year College Mathematics / @cFRANK AYRES.
260    @aNEW YORK,St.Louis,San Francisco,Toronto,Sydney :@bMcGRAW-HILL BOOK COMPANY,@c1958.
300    @a440 p. ;@c30cm.
500    @aIncludes Index
    
    First Year College Mathematics / / FRANK AYRES.-NEW YORK,St.Louis,San Francisco,Toronto,Sydney : : McGRAW-HILL BOOK COMPANY, , 1958.
    440 p. ; ; 30cm.
    Includes Index
    
    ISBN 978-7-07-002650-5.
    
●
相关链接 在E读中查询图书 在五车中查询图书 在当当中查询图书 在豆瓣中查询图书


正题名:First Year College Mathematics     索取号:O13:H31/x43         预约/预借

序号 登录号 条形码 馆藏地/架位号 状态 备注
1 49263   001649782   第二样本阅览室/ [索取号:O13:H31/x43] 在馆    
唐山师范学院图书馆 欢迎您!
大连网信软件有限公司© 版权所有